Statistics for Famous Dogs Quiz

Click here to take the quiz!

General Stats

  • This quiz has been taken 23,487 times
    (16,560 since last reset)
  • The average score is 15 of 32

Answer Stats

ClueAnswer% Correct
Mickey Mouse's dogPluto
86%
Charlie Brown's dogSnoopy
86%
Dorothy's dogToto
82%
Shaggy's dogScooby Doo
82%
What did you say? Timmy's trapped in the old well?Lassie
75%
Wallace's better halfGromit
65%
Family Guy dogBrian
60%
Breed (Snoopy)Beagle
58%
Bart Simpson's dogSanta's Little Helper
58%
Breed (Lassie)Collie
55%
Breed (Scooby Doo)Great Dane
54%
He gets rabies, and sadly Travis has to shoot himOld Yeller
53%
Rabid dog of a Stephen King novelCujo
51%
Breed (Balto)Siberian Husky
46%
Breed (Buddy, Dug)Golden Retriever
44%
3-headed dog that guards HadesCerberus
43%
Dunking dog featured in a 1997 movieBuddy
41%
Breed (Santa's Little Helper)Greyhound
40%
The Crime DogScruff McGruff
39%
Breed (Rin Tin Tin)German Shepherd
35%
The Jetson's dogAstro
34%
Breed (McGruff)Bloodhound
32%
Breed (Eddie)Jack Russell Terrier
30%
Breed (Cujo)St. Bernard
29%
Talking dog from "Up"Dug
28%
Bud Light spokesdogSpuds McKenzie
25%
Fighting dog of a Jack London novelWhite Fang
25%
WWI dog who became a silent film starRin Tin Tin
24%
Frasier's dad's dogEddie
24%
Lead dog of a sled team that brought medicine to Nome, AlaskaBalto
20%
The insult comic dogTriumph
15%
Breed (Spuds McKenzie)Bull Terrier
12%

Score Distribution

Percentile by Number Answered

Percent of People with Each Score

Your Score History

You have not taken this quiz since the last reset